<The> Effects of the euro area entrance on the monetary transmission mechanism in Slovakia in light of the global economic recession

Menová politika NBS a jej vplyv na slovenskú ekonomiku. Bayesian VEC modely.

Saved in:
Bibliographic Details
Main Author: Klacso, Ján
Format: Book Chapter
Language:English
Subjects:
Tags: Add Tag
No Tags, Be the first to tag this record!

MARC

LEADER 00000naa a2200000 4500
001 0200174
005 20231010120924.3
041 0 |a eng 
044 |a CZ 
245 1 0 |a <The> Effects of the euro area entrance on the monetary transmission mechanism in Slovakia in light of the global economic recession  |c Ján Klacso 
520 |a Menová politika NBS a jej vplyv na slovenskú ekonomiku. Bayesian VEC modely. 
610 2 0 |a politika menová 
610 2 0 |a banky centrálne 
610 2 0 |a recesia 
610 2 0 |a modely ekonometrické 
610 2 0 |a Slovensko 
100 1 |a Klacso, Ján